Divine hymns and ancient thought. V1- Rgveda hymns and ancient thought (Record no. 80249)

MARC details
000 -LEADER
fixed length control field 00416nam a2200157Ia 4500
008 - FIXED-LENGTH DATA ELEMENTS--GENERAL INFORMATION
fixed length control field 230917s9999||||xx |||||||||||||| ||und||
040 ## - CATALOGING SOURCE
-- 47265
Original cataloging agency VIVEKANANDA LIBRARY
041 ## - Language
-- English
082 ## - DDC NUMBER
Classification number 294.1 D213D
100 ## - MAIN ENTRY--PERSONAL NAME
Personal name Dange, Sadashiv A
245 #0 - TITLE STATEMENT
Title Divine hymns and ancient thought. V1- Rgveda hymns and ancient thought
250 ## - EDITION STATEMENT
Edition statement 2nd ed.
260 ## - PUBLICATION, DISTRIBUTION, ETC. (IMPRINT)
Place of publication, distribution, etc New Delhi
Name of publisher, distributor, etc Navrang
Date of publication, distribution, etc 1992
300 ## - PHYSICAL DESCRIPTION
Pages 291 p.
942 ## - ADDED ENTRY ELEMENTS (KOHA)
Koha item type Books
Holdings
Withdrawn status Lost status Damaged status Not for loan Location (home branch) Sublocation or collection (holding branch) Date acquired Koha issues (times borrowed) Koha full call number Accession No. Koha date last seen Koha item type
        VIVEKANANDA LIBRARY VIVEKANANDA LIBRARY 29/11/2002   294.1 D213D 156798 17/09/2023 Books
© Designed and Maintained by Vivekananda Library, MDU Rohtak